00338pab a2200121 454500008004000000100001900040245006800059260000900127300001300136362001200149650002100161773003400182180718b1989 xxu||||| |||| 00| 0 eng d aKhanna, Sushil aTechnical change and competitiveness in Indian textile industry c1989 aM-103-11 a26 Aug. aIndustry - India aEconomic and Political Weekly